000 00754aam a2200277 4500
005 20260306124919.0
008 150626b2005 xxu||||| |||| 00| 0 spa d
020 _a980657429X
041 _aESP
082 _a617.6 R896t
100 _aRubiano Carreño, Mauricio
_926893
245 _aTratamiento con placas y corrección oclusal por tallado selectivo
260 _aColombia
260 _bAMOLCA
260 _c2005
300 _a191 páginas
300 _bFotografías a color
490 _aMecánica Dental
650 _aODONTOLOGÍA
650 _aOCLUSIÓN
650 _aSISTEMA MASTICATORIO
650 _aSISTEMA ESTOMATOGNATICO
650 _aARTICULACIÓN TEMPOROMANDIBULAR
650 _aPLACAS OCLUSALES
942 _cBK
_2ddc
999 _c1514
_d1514